Normal view
MARC view
Entry Topical Term
001 - CONTROL NUMBER
- control field: 56622
003 - CONTROL NUMBER IDENTIFIER
- control field: OSt
005 - DATE AND TIME OF LATEST TRANSACTION
- control field: 20250901115745.0
008 - FIXED-LENGTH DATA ELEMENTS
- fixed length control field: 250901|| aca||aabn | a|a d
040 ## - CATALOGING SOURCE
- Original cataloging agency: OSt
- Transcribing agency: OSt
150 ## - HEADING--TOPICAL TERM
- Topical term or geographic name entry element: cyber warfare, information warfare, non-contact, non-kinetic, cyber capabilities
670 ## - SOURCE DATA FOUND
- Source citation: Work cat.: (OSt): Yadav, Vatsalya 56621, Non- Contact and non- kinetic warfare in the Indian context: Concepts and pathways
